| 000 | 00500nam a2200145Ia 4500 | ||
|---|---|---|---|
| 008 | 240729s9999 xx 000 0 und d | ||
| 022 | _a2788-1180 | ||
| 245 | 0 | _aTheology and Philosophy of Education | |
| 260 | _aCzechia | ||
| 260 | _bČeská křesťanská akademie, Pedagogická sekce / Czech Christian Academy, Pedagogical Section | ||
| 650 | _aPhilosophy. Psychology. Religion | ||
| 856 | _uhttps://doaj.org/toc/2386a7e29f724f9394b7f78c3d4fcdfc | ||
| 942 | _2ddc | ||
| 942 | _cDOAJEJ | ||
| 999 |
_c68601 _d68601 |
||
| 945 |
_a1 _bMadushi Gamage _c1 _dMadushi Gamage |
||